| 000 | 00609nam a2200205Ia 4500 | ||
|---|---|---|---|
| 008 | 260312s9999 xx 000 0 und d | ||
| 020 | _a6160971 | ||
| 082 | _a342.4 F363g 1988 HNA | ||
| 100 |
_aFernández Segado, Francisco _915923 |
||
| 245 | 0 | _aEl gobierno municipal en el constitucionalismo español. | |
| 260 | _aUniversidad Externado de Colombia | ||
| 260 | _bBogotá, Colombia | ||
| 260 | _c1988 | ||
| 300 | _a95p. | ||
| 500 | _aColección Humberto Nogueira Alcalá | ||
| 650 |
_aDerecho constitucional _91698 |
||
| 650 |
_aEspaña _9791 |
||
| 650 |
_aMunicipios _96942 |
||
| 942 |
_2ddc _cLIBRO |
||
| 999 |
_c20275 _d20275 |
||